[Event "31st WCh U20 Girls"]
[Site "Kocaeli TUR"]
[Date "2013.09.13"]
[Round "1.1"]
[White "Miladinovic, Lena"]
[Black "Kashlinskaya, Alina"]
[Result "0-1"]
[WhiteElo "2080"]
[BlackElo "2434"]
[EventDate "2013.09.13"]
[PlyCount "90"]

1.d4 c5 2.d5 Nf6 3.Nf3 g6 4.Nc3 Bg7 5.e4 d6 6.Bc4 O-O 7.O-O Bg4 8.h3 Bxf3 
9.Qxf3 Nbd7 10.Be2 a6 11.a4 e6 12.Bg5 h6 13.Bh4 Kh7 14.Rad1 e5 15.Rb1 Qa5 
16.Qd3 Rfc8 17.b3 Rab8 18.Kh1 Kg8 19.Ra1 c4 20.bxc4 Nb6 21.Bxf6 Bxf6 22.
Qf3 Kg7 23.Nd1 Nxc4 24.Bxc4 Rxc4 25.Ne3 Rxa4 26.Ng4 Bg5 27.Rxa4 Qxa4 28.
Qc3 Rd8 29.f4 h5 30.fxg5 hxg4 31.Qc7 Rd7 32.Qc8 gxh3 33.Rf3 hxg2+ 34.Kxg2 
Re7 35.c3 Qxe4 36.c4 b5 37.Qh3 bxc4 38.Qh6+ Kg8 39.Qh3 Qxd5 40.Kh2 Qd2+ 
41.Kh1 Qd5 42.Kg1 Rb7 43.Qc8+ Kg7 44.Rf1 Qd4+ 45.Kh1 Qh4+ 0-1

[Event "31st WCh U20 Girls"]
[Site "Kocaeli TUR"]
[Date "2013.09.13"]
[Round "1.2"]
[White "Cori Tello, Deysi"]
[Black "Derakhshani, Dorsa"]
[Result "1-0"]
[WhiteElo "2433"]
[BlackElo "2078"]
[EventDate "2013.09.13"]
[PlyCount "79"]

1.d4 Nf6 2.Nf3 e6 3.e3 c5 4.Bd3 b6 5.O-O Bb7 6.c4 d5 7.Nc3 Be7 8.cxd5 exd5
9.dxc5 bxc5 10.Bb5+ Bc6 11.Qa4 Bxb5 12.Qxb5+ Qd7 13.Rd1 Nc6 14.e4 d4 15.e5
Rb8 16.Qc4 Ng4 17.Qe2 Qe6 18.Nb5 O-O 19.a4 Rb7 20.Bf4 f6 21.Re1 fxe5 22.
Bg3 Bf6 23.Rac1 a6 24.Na3 Qd5 25.Qe4 Nb4 26.Qxd5+ Nxd5 27.h3 Nh6 28.Bxe5 
Bxe5 29.Rxe5 Nf4 30.Rc2 Nxh3+ 31.gxh3 Rxf3 32.Kg2 Rfb3 33.Nc4 Rc7 34.Re8+ 
Kf7 35.Nd6+ Kg6 36.Rce2 Nf7 37.R8e6+ Kh5 38.Ne8 Rcb7 39.Nxg7+ Kg5 40.R2e4 
1-0

[Event "31st WCh U20 Girls"]
[Site "Kocaeli TUR"]
[Date "2013.09.13"]
[Round "1.3"]
[White "Imeeva, Aisa"]
[Black "Goryachkina, Alexandra"]
[Result "0-1"]
[WhiteElo "2067"]
[BlackElo "2418"]
[EventDate "2013.09.13"]
[PlyCount "74"]

1.e4 c5 2.Nf3 Nc6 3.d4 cxd4 4.Nxd4 e5 5.Nb5 d6 6.N1c3 a6 7.Na3 b5 8.Nd5 
Nce7 9.c4 Nxd5 10.Qxd5 Be6 11.Qd1 Nf6 12.Bg5 Qa5+ 13.Bd2 Qb6 14.Be3 Qb7 
15.cxb5 Nxe4 16.f3 Nc5 17.Bxc5 dxc5 18.Qe2 c4 19.Nxc4 Bb4+ 20.Kf2 axb5 21.
Nxe5 Qa7+ 22.Kg3 O-O 23.f4 Bd6 24.Qe4 f5 25.Qe1 Rf6 26.h4 Qb6 27.a3 Re8 
28.Rd1 Bf7 29.Bd3 Bxe5 30.fxe5 Qb8 31.Bb1 Rfe6 32.Qd2 Rxe5 33.Qd6 Qb7 34.
Rhf1 R5e6 35.Qf4 Rg6+ 36.Qg5 Rxg5+ 37.hxg5 Qc7+ 0-1

[Event "31st WCh U20 Girls"]
[Site "Kocaeli TUR"]
[Date "2013.09.13"]
[Round "1.4"]
[White "Wang Jue"]
[Black "Liu Hongyan"]
[Result "1-0"]
[WhiteElo "2392"]
[BlackElo "2065"]
[EventDate "2013.09.13"]
[PlyCount "69"]

1.e4 c5 2.Nf3 e6 3.d4 cxd4 4.Nxd4 a6 5.Nc3 Nc6 6.Be2 Qc7 7.O-O Nf6 8.Be3 
Be7 9.f4 d6 10.Kh1 O-O 11.Qe1 Bd7 12.Qg3 b5 13.a3 Rfe8 14.Bf3 e5 15.Nf5 
Bxf5 16.exf5 Rac8 17.fxe5 Nxe5 18.Bh6 Bf8 19.Bg5 Nfd7 20.Rad1 Nxf3 21.Qxf3
Ne5 22.Qg3 Qb7 23.h3 Rc5 24.Be3 Rc4 25.Bd4 f6 26.Rfe1 b4 27.axb4 Qxb4 28.
Nd5 Qb5 29.Nxf6+ Kh8 30.Nxe8 Qxe8 31.Bxe5 dxe5 32.Rxe5 Qb8 33.Qd3 Qxe5 34.
Qxc4 Qxf5 35.Rf1 1-0

[Event "31st WCh U20 Girls"]
[Site "Kocaeli TUR"]
[Date "2013.09.13"]
[Round "1.5"]
[White "Sviridova, Vlada"]
[Black "Bulmaga, Irina"]
[Result "0-1"]
[WhiteElo "2063"]
[BlackElo "2387"]
[EventDate "2013.09.13"]
[PlyCount "156"]

1.d4 Nf6 2.c4 e6 3.Nc3 Bb4 4.Qc2 O-O 5.a3 Bxc3+ 6.Qxc3 b6 7.Bg5 Bb7 8.f3 
h6 9.Bh4 d6 10.e4 c5 11.dxc5 bxc5 12.Bxf6 gxf6 13.Qd2 Kh7 14.Bd3 e5 15.Ne2
Nc6 16.g4 Bc8 17.Rg1 Rg8 18.Bc2 Be6 19.b3 Rb8 20.Rd1 Qb6 21.Rg3 a5 22.Rb1 
Qc7 23.Nc3 Nd4 24.a4 Rb4 25.Rh3 Rg6 26.Nd5 Bxd5 27.exd5 Nxc2+ 28.Qxc2 Kg7 
29.Rg3 Qd7 30.Kd2 Rb8 31.Qf5 Qxf5 32.gxf5 Rxg3 33.hxg3 h5 34.Kd3 Kh6 35.
Ke4 Kg5 36.Rb2 h4 37.gxh4+ Kxh4 38.Ke3 Kg3 39.Rb1 Kh4 40.Ke4 Kg5 41.Rg1+ 
Kh6 42.Rb1 Kg7 43.f4 Rh8 44.Rg1+ Kf8 45.fxe5 Rh4+ 46.Kf3 fxe5 47.Rg4 Rh8 
48.Kg3 Ke7 49.Rh4 Rb8 50.Rh6 Rxb3+ 51.Kf2 Rb2+ 52.Kf3 Rb3+ 53.Kf2 e4 54.
f6+ Kd7 55.Rh4 Rf3+ 56.Ke2 Rxf6 57.Rxe4 Rf5 58.Rh4 Rg5 59.Rh8 Rg2+ 60.Kd3 
Ra2 61.Ra8 Rxa4 62.Ra7+ Ke8 63.Ra8+ Ke7 64.Ra7+ Kf6 65.Rd7 Ra3+ 66.Ke4 Rc3
67.Rxd6+ Ke7 68.Ra6 Rxc4+ 69.Ke5 f6+ 70.Kf5 Rd4 71.Ra7+ Kd6 72.Rxa5 Rxd5+ 
73.Kxf6 c4 74.Ra1 c3 75.Rc1 Rc5 76.Rd1+ Kc6 77.Ke6 c2 78.Rc1 Kb5 0-1

[Event "31st WCh U20 Girls"]
[Site "Kocaeli TUR"]
[Date "2013.09.13"]
[Round "1.6"]
[White "Arabidze, Meri"]
[Black "Edes, Zsofia"]
[Result "1-0"]
[WhiteElo "2379"]
[BlackElo "2044"]
[EventDate "2013.09.13"]
[PlyCount "45"]

1.d4 Nf6 2.c4 e6 3.Nf3 c5 4.d5 b5 5.Bg5 exd5 6.cxd5 d6 7.a4 b4 8.Nbd2 Be7 
9.e4 Nxd5 10.Bb5+ Kf8 11.Bxe7+ Qxe7 12.O-O Nf4 13.Nc4 Bg4 14.Nxd6 a6 15.
Bc4 Nc6 16.Nxf7 Rd8 17.Nxd8 Nd4 18.Nc6 Nxc6 19.Qd2 Qf6 20.e5 Nh3+ 21.gxh3 
Qxf3 22.Qd6+ Ke8 23.Bd5 1-0

[Event "31st WCh U20 Girls"]
[Site "Kocaeli TUR"]
[Date "2013.09.13"]
[Round "1.7"]
[White "Fronda, Jan Jodilyn"]
[Black "Saduakasova, Dinara"]
[Result "0-1"]
[WhiteElo "2038"]
[BlackElo "2326"]
[EventDate "2013.09.13"]
[PlyCount "126"]

1.e4 e5 2.Nf3 Nc6 3.Bb5 a6 4.Ba4 Nf6 5.Qe2 b5 6.Bb3 Bc5 7.c3 d6 8.d3 h6 9.
O-O O-O 10.Rd1 Re8 11.h3 Bb6 12.Nbd2 Na5 13.Bc2 Nh5 14.Nf1 Qf6 15.N3h2 Qg6
16.Qf3 Nf4 17.Bxf4 exf4 18.Qxf4 Bxh3 19.Qg3 Qxg3 20.Nxg3 Bd7 21.d4 Nc4 22.
Rab1 c5 23.Nf3 Bg4 24.Rd3 Rac8 25.Bd1 h5 26.Nh4 Bxd1 27.Rdxd1 cxd4 28.cxd4
g6 29.Nf3 Bd8 30.Re1 h4 31.Nf1 Kg7 32.Rbc1 Ba5 33.Re2 Ne5 34.Rec2 Rxc2 35.
Rxc2 Nxf3+ 36.gxf3 Bb6 37.d5 Bc5 38.Nd2 f5 39.Nb3 fxe4 40.Nxc5 dxc5 41.Re2
Kf6 42.fxe4 g5 43.Kg2 Ke5 44.f3 c4 45.Kf2 b4 46.Ke3 h3 47.Rc2 Rh8 48.Rxc4 
Rh6 49.Rc1 h2 50.Rh1 Rh3 51.Ke2 a5 52.b3 a4 53.d6 Kxd6 54.Kf2 axb3 55.axb3
g4 56.f4 Rxb3 57.Kg2 g3 58.Rd1+ Ke6 59.Ra1 Ra3 60.Rb1 Rc3 61.Ra1 b3 62.
Ra6+ Kd7 63.Ra1 b2 0-1

[Event "31st WCh U20 Girls"]
[Site "Kocaeli TUR"]
[Date "2013.09.13"]
[Round "1.8"]
[White "Padmini, Rout"]
[Black "Nasriddinzoda, Marvorii"]
[Result "1-0"]
[WhiteElo "2312"]
[BlackElo "2032"]
[EventDate "2013.09.13"]
[PlyCount "71"]

1.e4 d6 2.d4 Nf6 3.Nc3 e5 4.Nf3 Nbd7 5.Bc4 Be7 6.O-O O-O 7.Re1 c6 8.a4 b6 
9.Ba2 a6 10.Nh4 exd4 11.Qxd4 Nc5 12.Nf3 Be6 13.h3 b5 14.e5 dxe5 15.Qxd8 
Rfxd8 16.Nxe5 Rac8 17.axb5 axb5 18.Be3 Bxa2 19.Rxa2 Ncd7 20.Nd3 b4 21.Bg5 
bxc3 22.Rxe7 Nd5 23.Re1 f6 24.Bc1 c5 25.bxc3 c4 26.Nf4 Nxc3 27.Ra5 Re8 28.
Rxe8+ Rxe8 29.Be3 Ne4 30.Ra7 Nf8 31.Rc7 c3 32.f3 g5 33.Nd5 Ne6 34.Ra7 Nd6 
35.Nxf6+ Kf8 36.Nxh7+ 1-0

[Event "31st WCh U20 Girls"]
[Site "Kocaeli TUR"]
[Date "2013.09.13"]
[Round "1.9"]
[White "Karabaeva, Zhanna"]
[Black "Zhai Mo"]
[Result "0-1"]
[WhiteElo "2029"]
[BlackElo "2309"]
[EventDate "2013.09.13"]
[PlyCount "122"]

1.e4 c5 2.Nf3 d6 3.d4 cxd4 4.Nxd4 Nf6 5.Nc3 a6 6.Be3 e6 7.f3 Nbd7 8.Qd2 b5
9.g4 h6 10.h4 b4 11.Nce2 d5 12.Rg1 dxe4 13.g5 exf3 14.gxf6 fxe2 15.Bg2 Rb8
16.fxg7 Bxg7 17.Nc6 Qxh4+ 18.Bf2 Qh2 19.Nxb8 Bxb2 20.Qxb4 Qe5 21.Qe7+ Kxe7
22.Nc6+ Ke8 23.Nxe5 Bxa1 24.Nc4 Ke7 25.Kxe2 Bf6 26.Rd1 h5 27.Bc6 a5 28.Nb6
Ba6+ 29.c4 Rd8 30.Bxd7 Bxc4+ 31.Nxc4 Rxd7 32.Bc5+ Kd8 33.Nd6 a4 34.Nxf7+ 
Kc7 35.Nd6 Kc6 36.Ba3 Be7 37.Rc1+ Kd5 38.Rd1+ Kc6 39.Rc1+ Kd5 40.Nc4 Bxa3 
41.Nb6+ Ke4 42.Rc3 Rb7 43.Nxa4 Be7 44.Re3+ Kf5 45.Nc3 Bc5 46.Rf3+ Kg4 47.
Rf1 Rb4 48.Rf7 h4 49.Rg7+ Kf4 50.Rf7+ Kg3 51.Rg7+ Kh2 52.Kf3 h3 53.Ne4 Bd4
54.Rh7 Ra4 55.Ng5 Ra3+ 56.Ke4 e5 57.Nf3+ Kg3 58.Rg7+ Kf2 59.Nxd4 exd4 60.
Kxd4 h2 61.Rf7+ Kg2 0-1

[Event "31st WCh U20 Girls"]
[Site "Kocaeli TUR"]
[Date "2013.09.13"]
[Round "1.10"]
[White "Khademalsharieh, Sarasadat"]
[Black "Anu Bayar"]
[Result "1/2-1/2"]
[WhiteElo "2303"]
[BlackElo "2012"]
[EventDate "2013.09.13"]
[PlyCount "71"]

1.d4 Nf6 2.Nf3 g6 3.c4 Bg7 4.g3 O-O 5.Bg2 d6 6.O-O Nbd7 7.Nc3 e5 8.e4 exd4
9.Nxd4 Re8 10.h3 a6 11.Be3 Rb8 12.b3 c5 13.Nc2 b5 14.Rb1 bxc4 15.bxc4 Rxb1
16.Qxb1 Ne5 17.Rd1 Qa5 18.Qb3 Be6 19.Nd5 Bxd5 20.exd5 Nfd7 21.Bd2 Qb6 22.
Qa4 Nf6 23.Bc3 Ned7 24.Qc6 Re7 25.Ne3 Ne8 26.Bxg7 Kxg7 27.Qxb6 Nxb6 28.Rb1
Rb7 29.Kf1 Rb8 30.Ke2 Nd7 31.Rxb8 Nxb8 32.Kd3 Kf6 33.f4 h5 34.Bf3 Ng7 35.
Nc2 Nd7 36.Be4 1/2-1/2

[Event "31st WCh U20 Girls"]
[Site "Kocaeli TUR"]
[Date "2013.09.13"]
[Round "1.11"]
[White "Krumova, Ani"]
[Black "Aulia, Medina Warda"]
[Result "0-1"]
[WhiteElo "1993"]
[BlackElo "2301"]
[EventDate "2013.09.13"]
[PlyCount "66"]

1.e4 e6 2.d4 d5 3.exd5 exd5 4.Nf3 Bd6 5.c4 Nf6 6.Nc3 dxc4 7.Bxc4 O-O 8.h3 
Re8+ 9.Be3 Be6 10.Bxe6 Rxe6 11.O-O Nbd7 12.Qb3 Nb6 13.Rad1 Nfd5 14.Ng5 
Rxe3 15.fxe3 Qxg5 16.Rf3 Rf8 17.Ne4 Qg6 18.Nf2 Nf6 19.Rf1 c5 20.Qa3 Nbd7 
21.Qxa7 cxd4 22.exd4 Rb8 23.Nd3 h6 24.b4 Nd5 25.Nc5 Nxc5 26.dxc5 Be5 27.a3
Kh7 28.Kh1 f5 29.Re1 Nf4 30.g3 Qh5 31.g4 fxg4 32.Rfe3 Bc7 33.Qa4 Qd5+ 0-1

[Event "31st WCh U20 Girls"]
[Site "Kocaeli TUR"]
[Date "2013.09.13"]
[Round "1.12"]
[White "Sihite, Chelsie Monica"]
[Black "Savant, Riya"]
[Result "1-0"]
[WhiteElo "2282"]
[BlackElo "1960"]
[EventDate "2013.09.13"]
[PlyCount "59"]

1.e4 c5 2.Nf3 Nc6 3.d4 cxd4 4.Nxd4 g6 5.c4 Bg7 6.Be3 Nf6 7.Nc3 O-O 8.Be2 
b6 9.O-O Bb7 10.f3 e6 11.Qd2 d5 12.Nxc6 Bxc6 13.cxd5 exd5 14.e5 Ne8 15.f4 
f6 16.Bd4 fxe5 17.Bxe5 Nf6 18.Qd4 Qd7 19.b4 Rad8 20.Rfc1 Rf7 21.a4 Qe6 22.
a5 bxa5 23.Rxa5 Rdd7 24.Ra6 Ne4 25.Nxe4 dxe4 26.Qc5 Bxe5 27.fxe5 Rd2 28.
Qe3 Qd5 29.Raxc6 Qd4 30.Qxd4 1-0

[Event "31st WCh U20 Girls"]
[Site "Kocaeli TUR"]
[Date "2013.09.13"]
[Round "1.13"]
[White "Matute Loja, Belen"]
[Black "Abdumalik, Zhansaya"]
[Result "0-1"]
[WhiteElo "1955"]
[BlackElo "2277"]
[EventDate "2013.09.13"]
[PlyCount "148"]

1.e4 c5 2.Nf3 a6 3.d4 cxd4 4.Nxd4 Nf6 5.Nc3 e5 6.Nb3 Bb4 7.Bd2 Nc6 8.Bd3 
Bxc3 9.Bxc3 d5 10.exd5 Qxd5 11.O-O O-O 12.Qe2 b5 13.Rad1 Qe6 14.Rfe1 Re8 
15.Nc5 Qe7 16.Ne4 Nd5 17.Bd2 f5 18.Bg5 Qf8 19.Ng3 Ndb4 20.c3 Nxd3 21.Qxd3 
Be6 22.Qd6 Rac8 23.Qxf8+ Kxf8 24.Be3 Kf7 25.Bc5 g6 26.f3 Rcd8 27.Bb6 Rd5 
28.Nf1 f4 29.Nd2 Rb8 30.Bf2 Rbd8 31.Re2 Bf5 32.Be1 Bd3 33.Rf2 Ne7 34.Nb3 
Nf5 35.Nc1 Bc4 36.Rxd5 Bxd5 37.Nd3 Kf6 38.Nb4 Bb7 39.Rd2 Rxd2 40.Bxd2 a5 
41.Nd3 Nd6 42.Nc5 Bc6 43.b3 a4 44.Be1 g5 45.Bf2 h5 46.Kf1 Kf5 47.Ke2 g4 
48.Bh4 Ne8 49.Be7 Nc7 50.c4 axb3 51.axb3 Ne8 52.Kf2 bxc4 53.bxc4 Ng7 54.
Bd6 Ne8 55.Bb8 Nf6 56.Nd3 Nd7 57.Bc7 Bb7 58.Nb4 Ke6 59.fxg4 hxg4 60.g3 f3 
61.Nc2 Nf6 62.Ne3 Be4 63.Bd8 Bf5 64.c5 Ne4+ 65.Kg1 Nxc5 66.Bb6 Nd7 67.Ba7 
Nf6 68.Nxf5 Kxf5 69.Be3 Nd5 70.Bh6 Ke4 71.Bg7 Nb4 72.Kf1 Nd3 73.Bh6 Kd4 
74.Bd2 e4 0-1

[Event "31st WCh U20 Girls"]
[Site "Kocaeli TUR"]
[Date "2013.09.13"]
[Round "1.14"]
[White "Hejazipour, Mitra"]
[Black "Racki, Barbara"]
[Result "1-0"]
[WhiteElo "2256"]
[BlackElo "1946"]
[EventDate "2013.09.13"]
[PlyCount "143"]

1.d4 Nf6 2.c4 d6 3.Nf3 Nbd7 4.Nc3 e5 5.e4 c6 6.Be2 Be7 7.O-O Qc7 8.h3 Nf8 
9.Rb1 Ng6 10.b4 O-O 11.Be3 Bd7 12.Qc2 h6 13.Rfd1 Qc8 14.Bf1 Rd8 15.a4 a6 
16.a5 exd4 17.Nxd4 c5 18.bxc5 dxc5 19.Nf5 Bxf5 20.exf5 Ne5 21.Na4 Rxd1 22.
Rxd1 Qc7 23.Nb6 Rd8 24.Be2 Nc6 25.Qa4 Qe5 26.Rxd8+ Bxd8 27.Bf3 Bc7 28.g3 
Ne4 29.Bf4 Qd4 30.Qc2 Bxf4 31.Qxe4 Qxe4 32.Bxe4 Bd2 33.Bxc6 bxc6 34.Nd7 
Bxa5 35.Nxc5 Kf8 36.Nxa6 Ke7 37.Nc5 Bb4 38.Ne4 g6 39.fxg6 fxg6 40.f4 Ke6 
41.Kf2 Ba3 42.Kf3 Kf5 43.Nf2 Bb2 44.g4+ Ke6 45.Ke4 Bf6 46.Nd3 g5 47.Nc5+ 
Kd6 48.Nb3 gxf4 49.Kxf4 Bg5+ 50.Kf5 Be3 51.h4 Ke7 52.g5 hxg5 53.hxg5 Kf7 
54.Na5 c5 55.Nc6 Kg7 56.Nd8 Kg8 57.Ne6 Bf2 58.g6 Be3 59.Kf6 Bf2 60.g7 Be1 
61.Nxc5 Bc3+ 62.Kg6 Bxg7 63.Ne6 Be5 64.c5 Bb8 65.Kf6 Ba7 66.c6 Bb8 67.Ke7 
Bg3 68.Nd4 Bc7 69.Nf5 Ba5 70.Kd7 Kf8 71.Nd6 Bb6 72.Nc4 1-0

[Event "31st WCh U20 Girls"]
[Site "Kocaeli TUR"]
[Date "2013.09.13"]
[Round "1.15"]
[White "Leonardi, Caterina"]
[Black "Stiazhkina, Anna"]
[Result "0-1"]
[WhiteElo "1944"]
[BlackElo "2244"]
[EventDate "2013.09.13"]
[PlyCount "82"]

1.d4 d5 2.g3 Nf6 3.Bg2 e6 4.e3 b6 5.c4 c6 6.b3 Ba6 7.Qc2 Nbd7 8.Ne2 Rc8 9.
O-O c5 10.Nd2 cxd4 11.exd4 Bb4 12.Nc3 dxc4 13.bxc4 Bxc4 14.Nxc4 Rxc4 15.
Bb2 Qc7 16.Rac1 O-O 17.Qb3 Bxc3 18.Bxc3 Rc8 19.Bb2 Rxc1 20.Rxc1 Qd8 21.Rd1
Nf8 22.d5 Nxd5 23.Bxd5 exd5 24.Rxd5 Qe7 25.Qd3 Qb4 26.Ba3 Qe1+ 27.Kg2 Qe8 
28.Bxf8 Qxf8 29.Rd7 a5 30.Qa6 Qe8 31.Qb7 Rb8 32.Re7 Qf8 33.Qa7 Ra8 34.Qb7 
Rd8 35.Rc7 h6 36.Qxb6 Qe8 37.Qb7 Qe6 38.a4 Rd4 39.Qa8+ Kh7 40.Qxa5 Qe4+ 
41.Kh3 Rd5 0-1

[Event "31st WCh U20 Girls"]
[Site "Kocaeli TUR"]
[Date "2013.09.13"]
[Round "1.17"]
[White "Shristi Shetty, J."]
[Black "Nguyen Thi Mai Hung"]
[Result "0-1"]
[WhiteElo "1909"]
[BlackElo "2222"]
[EventDate "2013.09.13"]
[PlyCount "82"]

1.e4 c5 2.Nf3 g6 3.d3 Bg7 4.g3 Nc6 5.Bg2 d6 6.O-O e5 7.c3 Nge7 8.a3 O-O 9.
b4 b6 10.Nbd2 h6 11.Bb2 Be6 12.Nc4 b5 13.Ne3 a5 14.Qd2 axb4 15.axb4 Qb6 
16.Rfc1 Rfd8 17.Ne1 cxb4 18.cxb4 Nd4 19.Rxa8 Rxa8 20.Rc3 Ra2 21.Ra3 Rxa3 
22.Bxa3 Nec6 23.Nf3 Qa6 24.Bb2 Qa4 25.Bc3 Qb3 26.Nd5 Nc2 27.Ne1 Nxe1 28.
Qxe1 Bxd5 29.exd5 Ne7 30.Qa1 Kh7 31.f4 Nxd5 32.Bxd5 Qxd5 33.fxe5 Qxd3 34.
Qe1 dxe5 35.Bxe5 Bxe5 36.Qxe5 Qb1+ 37.Kf2 Qxb4 38.Qf6 Qc4 39.Kg1 b4 40.Kf2
b3 41.Kg1 Kg8 0-1

[Event "31st WCh U20 Girls"]
[Site "Kocaeli TUR"]
[Date "2013.09.13"]
[Round "1.18"]
[White "Vo Thi Kim Phung"]
[Black "Soylemez, Cansu"]
[Result "1-0"]
[WhiteElo "2219"]
[BlackElo "1905"]
[EventDate "2013.09.13"]
[PlyCount "63"]

1.d4 Nf6 2.Bf4 e6 3.e3 d6 4.h3 Nbd7 5.Nf3 Be7 6.Be2 O-O 7.Nbd2 c5 8.c3 Qc7
9.O-O a6 10.a4 b6 11.Bh2 Bb7 12.Qb1 Qc6 13.Nc4 Ne4 14.Rd1 Rad8 15.dxc5 
dxc5 16.Nce5 Nxe5 17.Nxe5 Rxd1+ 18.Qxd1 Qc8 19.f3 Nf6 20.Qb3 Bd8 21.Nc4 
Qc6 22.Rd1 Nd7 23.Nd6 Bg5 24.e4 Nb8 25.Bc4 Ba8 26.Bxe6 fxe6 27.Qxe6+ Kh8 
28.Nf7+ Rxf7 29.Qxf7 Qc8 30.Be5 Bh6 31.Bxb8 Qxb8 32.Qe7 1-0

[Event "31st WCh U20 Girls"]
[Site "Kocaeli TUR"]
[Date "2013.09.13"]
[Round "1.19"]
[White "Gueci, Laura"]
[Black "Pavlidou, Ekaterini"]
[Result "0-1"]
[WhiteElo "1904"]
[BlackElo "2216"]
[EventDate "2013.09.13"]
[PlyCount "106"]

1.c4 Nf6 2.g3 e5 3.Bg2 Nc6 4.Nc3 Be7 5.Nf3 d6 6.O-O Be6 7.d3 h6 8.Rb1 O-O 
9.b4 Qd7 10.Re1 Bh3 11.Bh1 Nh7 12.b5 Nd8 13.a4 Kh8 14.e3 f5 15.Nd5 Bf6 16.
Bg2 Bxg2 17.Kxg2 Ne6 18.Ng1 Bd8 19.f4 c6 20.Nc3 Ba5 21.Qc2 d5 22.Ba3 d4 
23.exd4 exd4 24.Rxe6 Qxe6 25.Nce2 Rfd8 26.Nf3 Nf6 27.Nexd4 Qd7 28.h3 cxb5 
29.Rxb5 Bb6 30.Nxf5 Qxd3 31.Qxd3 Rxd3 32.Be7 Nd7 33.a5 Bd8 34.Rxb7 Bxe7 
35.Nxe7 a6 36.Ng6+ Kh7 37.Nge5 Nxe5 38.Nxe5 Ra3 39.h4 Rxa5 40.Nd7 Ra3 41.
c5 Rc3 42.Rb6 a5 43.f5 a4 44.f6 gxf6 45.Nxf6+ Kg7 46.Ne4 Rc2+ 47.Kf3 Ra7 
48.h5 a3 49.Rg6+ Kf8 50.Ke3 a2 51.Rf6+ Ke7 52.Rxh6 a1=Q 53.Rh7+ Kf8 0-1

[Event "31st WCh U20 Girls"]
[Site "Kocaeli TUR"]
[Date "2013.09.13"]
[Round "1.20"]
[White "Stetsko, Lanita"]
[Black "Zdilar, Emilija"]
[Result "1-0"]
[WhiteElo "2213"]
[BlackElo "1885"]
[EventDate "2013.09.13"]
[PlyCount "87"]

1.e4 c6 2.d4 d5 3.Nc3 dxe4 4.Nxe4 Bf5 5.Ng3 Bg6 6.h4 h6 7.Nf3 Nd7 8.h5 Bh7
9.Bd3 Ngf6 10.Bxh7 Nxh7 11.Bf4 Nhf6 12.Qe2 Qa5+ 13.Bd2 Qc7 14.Ne5 e6 15.
O-O-O Bd6 16.Nxd7 Qxd7 17.Nf5 Bc7 18.Nxg7+ Kf8 19.g4 Kxg7 20.f4 Nd5 21.g5 
f5 22.gxf6+ Kxf6 23.c4 Ne7 24.d5 Kf7 25.d6 Bxd6 26.Bc3 Rhd8 27.Qe4 Nf5 28.
c5 Bxf4+ 29.Qxf4 Qe7 30.Rdf1 Qg5 31.Qxg5 hxg5 32.h6 Kg6 33.h7 Nd4 34.Bxd4 
Rxd4 35.h8=Q Rxh8 36.Rxh8 Rc4+ 37.Kd2 Rxc5 38.Re8 e5 39.Rg8+ Kh7 40.Rxg5 
Rd5+ 41.Ke3 Rd6 42.Rh1+ Rh6 43.Rxh6+ Kxh6 44.Rxe5 1-0

[Event "31st WCh U20 Girls"]
[Site "Kocaeli TUR"]
[Date "2013.09.13"]
[Round "1.21"]
[White "Anjana Krishna, S."]
[Black "Iwanow, Anna"]
[Result "0-1"]
[WhiteElo "1881"]
[BlackElo "2210"]
[EventDate "2013.09.13"]
[PlyCount "108"]

1.e4 c5 2.c3 d6 3.d4 Nf6 4.Bd3 Nc6 5.Ne2 e5 6.d5 Ne7 7.O-O Ng6 8.f4 exf4 
9.Nxf4 Ne5 10.Bc2 Be7 11.Nd2 O-O 12.Nd3 Nfg4 13.Nf3 Nxf3+ 14.Qxf3 c4 15.
Nf2 Ne5 16.Qe2 Bg5 17.Be3 Bxe3 18.Qxe3 Bd7 19.a4 a6 20.Ra2 Qa5 21.Ra3 Rae8
22.Qd4 Re7 23.Nd1 Rfe8 24.Ne3 Qc7 25.Raa1 Rc8 26.Rf2 Qc5 27.Qd2 Rce8 28.b4
cxb3 29.Bxb3 f5 30.exf5 Nd3 31.f6 Nxf2 32.fxe7 Ng4 33.Qd4 Qxd4 34.cxd4 
Nxe3 35.Rc1 Rxe7 36.Rc7 Ng4 37.g3 b5 38.axb5 axb5 39.Bc2 g6 40.Bd3 Kf7 41.
Rb7 h5 42.Bxb5 Bxb5 43.Rxb5 Ne3 44.Ra5 Kf6 45.Ra6 Rd7 46.Ra5 Kf5 47.Kf2 
Ke4 48.Ra8 Ng4+ 49.Kg2 Kxd4 50.Rg8 Ne5 51.h3 Kxd5 52.g4 hxg4 53.hxg4 Ke4 
54.Kg3 d5 0-1

[Event "31st WCh U20 Girls"]
[Site "Kocaeli TUR"]
[Date "2013.09.13"]
[Round "1.22"]
[White "Enkhtuul, Altanulzii"]
[Black "Barbosa, Larissa Ichimura"]
[Result "1-0"]
[WhiteElo "2202"]
[BlackElo "1868"]
[EventDate "2013.09.13"]
[PlyCount "62"]

1.d4 Nf6 2.Nf3 g6 3.Bf4 Bg7 4.e3 O-O 5.Be2 d6 6.h3 Nfd7 7.c3 e5 8.dxe5 
dxe5 9.Bg5 f6 10.Bh4 Nc6 11.O-O g5 12.Bg3 f5 13.Na3 Qf6 14.Nb5 e4 15.Nh2 
f4 16.exf4 gxf4 17.Nxc7 fxg3 18.fxg3 Qe5 19.Nxa8 Rxf1+ 20.Nxf1 Nf6 21.Qd2 
Qb8 22.Bc4+ Kh8 23.g4 b5 24.g5 Nd7 25.Qd5 Ne7 26.Qxe4 bxc4 27.Qxe7 Qxa8 
28.Qd8+ Nf8 29.Re1 Bb7 30.Qxa8 Bxa8 31.Ne3 Kg8 1-0

[Event "31st WCh U20 Girls"]
[Site "Kocaeli TUR"]
[Date "2013.09.13"]
[Round "1.23"]
[White "Fuentes Godoy, Lilia Ivonne"]
[Black "Ibrahimova, Sabina"]
[Result "0-1"]
[WhiteElo "1829"]
[BlackElo "2202"]
[EventDate "2013.09.13"]
[PlyCount "56"]

1.g3 c5 2.Bg2 Nc6 3.e4 g6 4.d3 Bg7 5.c3 e6 6.Be3 d6 7.Qd2 Rb8 8.Ne2 b5 9.
d4 cxd4 10.cxd4 Nge7 11.Nbc3 b4 12.Nd1 Ba6 13.Bf3 O-O 14.O-O d5 15.exd5 
Nxd5 16.Rc1 Nce7 17.b3 Nf5 18.Re1 Bb7 19.Bg2 Ndxe3 20.fxe3 Bxg2 21.Kxg2 
Qd5+ 22.Kg1 e5 23.Rc5 Qd6 24.Rc4 Rfd8 25.e4 Nxd4 26.Nxd4 exd4 27.Nf2 d3 
28.Re3 Bh6 0-1

[Event "31st WCh U20 Girls"]
[Site "Kocaeli TUR"]
[Date "2013.09.13"]
[Round "1.24"]
[White "Rakhmangulova, Anastasiya"]
[Black "Alymbay Kyzy, Aizhan"]
[Result "1-0"]
[WhiteElo "2194"]
[BlackElo "1820"]
[EventDate "2013.09.13"]
[PlyCount "57"]

1.e4 c5 2.Nf3 e6 3.d3 Nc6 4.g3 d5 5.Nbd2 Nf6 6.Bg2 Be7 7.O-O O-O 8.e5 Nd7 
9.Re1 Qc7 10.Qe2 Re8 11.Nf1 f6 12.exf6 Bxf6 13.Ne3 Nde5 14.Nxe5 Nxe5 15.f4
Nc6 16.Nxd5 Bd4+ 17.Kh1 Qd6 18.Nc3 e5 19.Nb5 Qd7 20.c3 Ne7 21.Na3 exf4 22.
cxd4 Qxd4 23.Bxf4 Bd7 24.Be5 Qb4 25.Bc3 Qb6 26.Nc4 Qa6 27.Qxe7 Rxe7 28.
Rxe7 Be6 29.Rf1 1-0

[Event "31st WCh U20 Girls"]
[Site "Kocaeli TUR"]
[Date "2013.09.13"]
[Round "1.25"]
[White "Arig, Busra"]
[Black "Bezgodova, Maria"]
[Result "0-1"]
[WhiteElo "1788"]
[BlackElo "2172"]
[EventDate "2013.09.13"]
[PlyCount "70"]

1.d4 d5 2.Nf3 c5 3.e3 Nf6 4.c4 cxd4 5.exd4 Nc6 6.h3 Bf5 7.a3 e6 8.Bg5 Be7 
9.Nc3 dxc4 10.Bxc4 O-O 11.O-O Rc8 12.Re1 h6 13.Bh4 a6 14.Rc1 Nd5 15.Nxd5 
Bxh4 16.Nxh4 Qxh4 17.Nb6 Rcd8 18.d5 exd5 19.Bxd5 Qf6 20.Qa4 Nd4 21.Qa5 Rd6
22.Nc4 b6 23.Bxf7+ Rxf7 24.Qxa6 Nf3+ 25.gxf3 Bxh3 26.Re8+ Kh7 27.Ne3 Qxf3 
28.Qa8 Qxf2+ 29.Kh1 Qh4 30.Qe4+ Qxe4+ 31.Rxe4 Bd7 32.Rec4 Rf3 33.R4c3 Rg6 
34.Nc4 Rf4 35.R1c2 Rh4+ 0-1

[Event "31st WCh U20 Girls"]
[Site "Kocaeli TUR"]
[Date "2013.09.13"]
[Round "1.26"]
[White "Juhasz, Barbara"]
[Black "Shyngys Kyzy, Aijarkyn"]
[Result "1-0"]
[WhiteElo "2169"]
[BlackElo "1780"]
[EventDate "2013.09.13"]
[PlyCount "55"]

1.e4 e5 2.Nf3 Nf6 3.Nc3 Bb4 4.Nxe5 O-O 5.Be2 Re8 6.Nd3 Ba5 7.b4 Bb6 8.e5 
Nc6 9.exf6 d5 10.O-O Qxf6 11.Bg4 Be6 12.Bb2 Nd4 13.Bxe6 fxe6 14.Ne2 Rf8 
15.Bxd4 Bxd4 16.Nxd4 Qxd4 17.Qe2 Rae8 18.c3 Qc4 19.Rfe1 b6 20.Ne5 Qh4 21.
d4 Rf5 22.Qe3 Qe7 23.a4 Ref8 24.Nd3 R8f6 25.b5 Rh6 26.Ne5 Qh4 27.Qg3 Qf6 
28.Ng4 1-0

[Event "31st WCh U20 Girls"]
[Site "Kocaeli TUR"]
[Date "2013.09.13"]
[Round "1.27"]
[White "Assaubaeva, Bibisara"]
[Black "Xiao Yiyi"]
[Result "0-1"]
[WhiteElo "1761"]
[BlackElo "2163"]
[EventDate "2013.09.13"]
[PlyCount "74"]

1.e4 c5 2.Nf3 e6 3.Nc3 a6 4.d4 cxd4 5.Nxd4 Nc6 6.Be2 Qc7 7.Be3 Nf6 8.O-O 
Bb4 9.Nxc6 bxc6 10.Qd4 Rb8 11.f4 d6 12.Qd3 O-O 13.f5 d5 14.exd5 cxd5 15.
fxe6 fxe6 16.Bf3 Bd6 17.h3 Rxb2 18.Rab1 Rxb1 19.Rxb1 Bb7 20.Kh1 Nd7 21.
Nxd5 Bxd5 22.Bxd5 exd5 23.Qxd5+ Kh8 24.Rd1 Bc5 25.Bxc5 Nxc5 26.Qd6 Qxd6 
27.Rxd6 h6 28.Rc6 Rf5 29.Kh2 a5 30.Rc8+ Kh7 31.Ra8 Ne4 32.Re8 Nc3 33.a3 
Rf2 34.Re5 a4 35.Rc5 Rxc2 36.Rc4 Rc1 37.h4 Kg6 0-1

[Event "31st WCh U20 Girls"]
[Site "Kocaeli TUR"]
[Date "2013.09.13"]
[Round "1.28"]
[White "Pujari, Rucha"]
[Black "Guney, Gamze Nur"]
[Result "1-0"]
[WhiteElo "2154"]
[BlackElo "1731"]
[EventDate "2013.09.13"]
[PlyCount "47"]

1.d4 d5 2.Nf3 Nf6 3.g3 c6 4.Bg2 e6 5.O-O Be7 6.b3 Nbd7 7.c4 Nf8 8.Qc2 Ng6 
9.Nbd2 O-O 10.Rd1 Qb6 11.e4 dxe4 12.Nxe4 Rd8 13.h4 h5 14.Be3 Ng4 15.Bg5 
Bxg5 16.Nfxg5 Qc7 17.c5 Rf8 18.Nd6 f5 19.Re1 e5 20.Qc4+ Kh8 21.Ndf7+ Rxf7 
22.Nxf7+ Kh7 23.dxe5 N4xe5 24.Nxe5 1-0